000
00330nam a2200133Ia 4500
008
220216s9999 xx 000 0 und d
100
_a
Milczarek Roman
245
0
_a
Rubber-to-metal bonding agents
260
_b
Rubber World
_c
1996
300
_a
41-46
650
_a
Metal bonding agent
650
_a
Natural rubber
942
_c
JS
999
_c
68316
_d
68316